Statistiques concernant Quel est le nom de ce projet ? Rap US

Cliquez ici pour prendre le quiz!

Statistiques générales

  • Ce quiz a été pris 80 fois
  • Le résultat moyen est 13 sur 50

Statistiques - réponses

Réponse% Correct
ASTROWORLD
94%
IGOR
63%
Rodeo
62%
17
60%
Savage Mode
60%
To Pimp a Butterfly
60%
WE DON'T TRUST YOU
57%
Yeezus
56%
Certified Lover Boy
54%
The College Dropout
54%
Views
54%
Watch The Throne
48%
Donda
44%
My Beautiful Dark Twisted Fantasy
38%
KIDS SEE GHOSTS
35%
WUNNA
35%
Die Lit
33%
Flower Boy
33%
FUTURE
32%
NOT ALL HEROES WEAR CAPES
30%
Stankonia
25%
What A Time To Be Alive
25%
I NEVER LIKED YOU
21%
JEFFERY
21%
Eternal Atake
19%
Swimming
19%
Daytona
17%
Shoot for the stars aim for the moon
14%
EVOL
13%
Life of a Don
13%
SUPER SLIMEY
13%
Blank Face
11%
KOD
11%
Black on Both Sides
10%
SremmLife
10%
Still Striving
8%
Blame It on Baby
6%
Mr. Davis
6%
Quavo Huncho
6%
EA Monster
5%
‎Rich Slave
5%
The Pinkprint
5%
Yellow Tape
5%
Coloring Book
3%
Dying to Live
3%
I Decided.
3%
Licensed to Ill
3%
Expensive Pain
2%
Hood Billionaire
2%
Vacation in Hell
2%

Distribution des résultats

Percentile par nombre de réponses

% des personnes avec chaque résultat

Votre développement - résultats

Vous n’avez pas pris ce quiz